| 000 | 01272nam a22002897a 4500 | ||
|---|---|---|---|
| 999 |
_c167669 _d167669 |
||
| 003 | dpl | ||
| 005 | 20190916155228.0 | ||
| 008 | 190305b ||||| |||| 00| 0 eng d | ||
| 010 | _aB-143289 ,B-143314 | ||
| 020 |
_c90.00 _a8190155660 |
||
| 035 | _aB-143289 , B-143314 | ||
| 037 | _bCen Lib/Ret | ||
| 040 |
_aDPL _bHN _c0 |
||
| 082 |
_a822 _bबर्नार्ड |
||
| 100 |
_aबर्नार्ड शॉ _958239 |
||
| 245 |
_aसृष्टि का आरम्भ / _cबर्नार्ड शॉ ; रूपांतरण प्रेमचंद |
||
| 246 |
_aSrishti ka arambh / _bby Barbard Shaw ; roppantkaar Premchand |
||
| 260 |
_aगाज़ियाबाद _bविज्ञान भारती _c2004 |
||
| 270 |
_bगाज़ियाबाद _aबी-78, सूर्यानगर |
||
| 300 |
_a64पृ.: _c20सेमी(सजिल्द ) _bसचित्र |
||
| 650 |
_aसाहित्य--नाटक _x _z _9142339 |
||
| 650 |
_aअंग्रेजी--नाटक _9142340 |
||
| 650 |
_aLiterature--drama _9142341 |
||
| 650 |
_aEnglish--drama _9142342 |
||
| 700 |
_aप्रेमचंद _9142343 |
||
| 942 |
_2ddc _cHN _h822 _mबर्नार्ड _k822/बनार्ड |
||